000 00436nam a2200169Ia 4500
008 240729s9999 xx 000 0 und d
022 _a2538-8657
245 0 _aBotanica
260 _aLithuania
260 _bNature Research Centre
650 _a Biology (General) | Science
650 _a Microbiology
650 _aScience
856 _uhttps://doaj.org/toc/d228681c7d864d279e6a5aaf3c20e9e5
942 _2ddc
942 _cDOAJEJ
999 _c72001
_d72001
945 _a1
_bMadushi Gamage
_c1
_dMadushi Gamage